[Event "22nd Open"]
[Site "Staufer GER"]
[Date "2010.01.04"]
[Round "6"]
[White "Kerpe,A"]
[Black "Braun,P"]
[Result "1/2-1/2"]
[WhiteElo "2110"]
[BlackElo "2239"]

1.e4 c5 2.c3 Nf6 3.e5 Nd5 4.g3 d6 5.exd6 e6 6.Bg2 Bxd6 7.Nf3 O-O 8.O-O Nc6
9.d4 cxd4 10.Nxd4 Nxd4 11.Qxd4 Qc7 12.Nd2 Rd8 13.Qe4 Nf6 14.Qe2 Bd7 15.Nf3 Bc6
16.Bg5 Be7 17.Rfd1 Qa5 18.Bd2 Qh5 19.Nd4 Qxe2 20.Nxe2 Bxg2 21.Kxg2 Rd7 22.Bg5 Rad8
23.Rxd7 Rxd7 24.Bxf6 Bxf6 25.Kf1 Kf8 26.Ke1 Ke7 27.Rd1 Rxd1+ 28.Kxd1 Kd6
29.Kc2 g6 30.Kd3 Bg7 31.b3 f5 32.Nd4 a6 33.f4 e5 34.fxe5+ Bxe5 35.Nf3 Bf6
36.Nd4 Be5 37.Nf3 Bf6  1/2-1/2

[Event "22nd Open"]
[Site "Staufer GER"]
[Date "2010.01.04"]
[Round "7"]
[White "Schoenberger,P"]
[Black "Kaplunov,V"]
[Result "1-0"]
[WhiteElo "2157"]
[BlackElo "1931"]

1.e4 c5 2.c3 Nf6 3.e5 Nd5 4.d4 cxd4 5.cxd4 e6 6.Nc3 Nxc3 7.bxc3 d6 8.Nf3 Nc6
9.Bd3 dxe5 10.dxe5 Qa5 11.O-O Nxe5 12.Nxe5 Qxe5 13.Re1 Qa5 14.Rb1 Be7 15.Bb5+ Kf8
16.Qf3 Qxa2 17.Bf4 a5 18.c4 f6 19.Rbd1 Kf7 20.Bd6 Qc2 21.Bxe7 Kxe7 22.Qg3 Kf7
23.Qc7+ Kg6 24.c5 f5 25.Rd3 Kf6 26.Rg3 Rg8 27.Be8 Bd7 28.Bxd7 Qc4 29.Rxe6+ Qxe6
30.Bxe6 Kxe6 31.Re3+ Kf6 32.Qe7+  1-0

[Event "22nd Open"]
[Site "Staufer GER"]
[Date "2010.01.05"]
[Round "8"]
[White "Erker,T"]
[Black "Gohil,H"]
[Result "0-1"]
[WhiteElo "2135"]
[BlackElo "2347"]

1.e4 c5 2.c3 Nf6 3.e5 Nd5 4.d4 cxd4 5.Nf3 Nc6 6.cxd4 d6 7.Bc4 Nb6 8.Bb5 dxe5
9.Nxe5 Bd7 10.Nxd7 Qxd7 11.Nc3 e6 12.O-O Be7 13.Qg4 O-O 14.Bh6 Qxd4 15.Qg3 Bh4
16.Bxg7 Bxg3 17.Bxd4 Bxh2+ 18.Kxh2 Nxd4 19.Bd3 Rad8 20.Rad1 f6 21.Be4 Rf7
22.Nb5 Rfd7 23.Nxd4 Rxd4 24.Rxd4 Rxd4 25.Bxb7 Rd2 26.a4 Nxa4 27.Ra1 Nc5 28.Bc8 Rxb2
29.Rxa7 Rxf2 30.Rc7 Rf5 31.g4 Rg5 32.Kh3 h5 33.gxh5 Rxh5+ 34.Kg2 Rd5 35.Kf1 Kf8
36.Kg2 Ke8 37.Rc6 Ke7 38.Kf1 f5 39.Kg2 Kf6  0-1

[Event "ch-NZL"]
[Site "Auckland NZL"]
[Date "2010.01.06"]
[Round "5"]
[White "Ker,A"]
[Black "Croad,N"]
[Result "1/2-1/2"]
[WhiteElo "2321"]
[BlackElo "2271"]

1.e4 c5 2.c3 Nf6 3.e5 Nd5 4.d4 cxd4 5.Nf3 Nc6 6.cxd4 d6 7.Bc4 Nb6 8.Bb3 dxe5
9.d5 Na5 10.Nc3 Nxb3 11.Qxb3 e6 12.Nxe5 a6 13.O-O Bd6 14.Bf4 O-O 15.Rad1 exd5
16.Nxd5 Nxd5 17.Qxd5 Bc7 18.Qc5 Bb6 19.Qb4 Qf6 20.Bg3 a5 21.Qb5 a4 22.Nf3 Qc6
23.Qxc6 bxc6 24.Ne5 Ba6 25.Rfe1 Ba5 26.Re4 Rfd8 27.Rxd8+ Rxd8 28.h3 Bb5 29.Nf3 Bb6
30.Be5 Re8 31.Re1 f6 32.Bc3 Rxe1+ 33.Nxe1 Bc4 34.a3 Kf7 35.Nc2 Ke6 36.Nd4+ Kd5
37.Nf5 Bb5 38.g4 g6 39.Ne3+ Ke6 40.Kg2 f5 41.gxf5+ gxf5 42.Kf3 Bd3 43.Kf4 h6
44.Kg3 Bc7+ 45.f4 Bb6 46.Kf3 Kf7 47.Be5 Kg6 48.Nd1 Kh5 49.Bf6 Bc2 50.Nc3 Kg6
51.Be5 Kf7 52.Ke2 Bb3 53.Kd3 Ba5 54.Ne2 Bb6 55.Nd4 Bxd4  1/2-1/2

[Event "XXXV Open"]
[Site "Seville ESP"]
[Date "2010.01.08"]
[Round "1"]
[White "Fernandez Lumbreras,M"]
[Black "Mirzoev,A"]
[Result "0-1"]
[WhiteElo "1920"]
[BlackElo "2594"]

1.e4 c5 2.c3 Nf6 3.e5 Nd5 4.d4 cxd4 5.Nf3 Nc6 6.cxd4 d6 7.exd6 Qxd6 8.Nc3 Bg4
9.Be2 e6 10.O-O Be7 11.h3 Bh5 12.a3 O-O 13.Ne4 Qd8 14.Ng3 Bg6 15.Re1 Qb6
16.Bc4 Rfd8 17.Qb3 Nxd4 18.Nxd4 Qxd4 19.Be3 Nxe3 20.Rxe3 Bg5 21.Ree1 Rac8
22.Be2 Bf6 23.Qxb7 Rb8 24.Qc7 Rdc8 25.Qa5 Qxb2 26.Ba6 Bc3  0-1

[Event "TCh-NED 2009-10"]
[Site "Netherlands NED"]
[Date "2010.01.09"]
[Round "5"]
[White "Brandenburg,D"]
[Black "Siebrecht,S"]
[Result "1-0"]
[WhiteElo "2480"]
[BlackElo "2456"]

1.e4 c5 2.c3 Nf6 3.e5 Nd5 4.Nf3 Nc6 5.Bc4 e6 6.O-O d6 7.d4 cxd4 8.cxd4 Be7
9.Qe2 O-O 10.Qe4 Bd7 11.Bd3 f5 12.exf6 Nxf6 13.Qe2 Qe8 14.Nc3 Qh5 15.Bf4 Nd5
16.Bg3 a6 17.Nxd5 exd5 18.Qd2 Bg4 19.Be2 Rf7 20.Rfd1 Raf8 21.Qe3 Rf6 22.Rd3 Re6
23.Qd2 Bg5 24.Qxg5 Qxg5 25.Nxg5 Rxe2 26.h3 Bh5 27.Nf3 Bxf3 28.gxf3 Rf6 29.b3 Kf7
30.Kg2 Rb2 31.a3 Re6 32.Bf4 Ree2 33.Be3 Ne7 34.Rad1 Rec2 35.R1d2 Nf5 36.Rxc2 Rxc2
37.Bd2 Ke6 38.Kf1 Ra2 39.a4 Ra1+ 40.Be1 Nh4 41.Ke2 Rb1 42.Ba5 Nf5 43.Bb6 Ne7
44.Re3+ Kd7 45.Rc3 Nc6 46.f4 Ke6 47.f5+ Kxf5 48.Rf3+ Ke6 49.Re3+ Kd7 50.Rf3 Ne7
51.Rc3 Rb2+ 52.Ke1 Nc6 53.Rf3 Ke6 54.Re3+ Kf5 55.a5 Ra2 56.b4 Rb2 57.Rf3+ Kg6
58.Re3 Kf7 59.Rf3+ Kg8 60.Re3 Rxb4 61.Re6 Rb1+ 62.Kd2 Rb5 63.Rxd6 Nxa5 64.Bxa5 Rxa5
65.Rd8+ Kf7 66.Rd7+ Kf6 67.Rxb7 Ra2+ 68.Ke3 h5 69.h4 g6 70.f3 g5 71.hxg5+ Kxg5
72.f4+ Kf5 73.Rf7+ Kg6 74.Rd7 Ra3+ 75.Kf2 Ra5 76.Kf3 Rb5 77.Rd6+ Kf5 78.Rxa6 Rb3+
79.Ke2 Ke4 80.Re6+ Kxd4 81.f5 Rg3 82.Rh6 Rg5 83.f6 Re5+ 84.Kd2 Rf5 85.f7  1-0

[Event "TCh-NED 2009-10"]
[Site "Netherlands NED"]
[Date "2010.01.09"]
[Round "5"]
[White "Van de Oudeweetering,A"]
[Black "Rietman,F"]
[Result "1/2-1/2"]
[WhiteElo "2337"]
[BlackElo "2250"]

1.e4 c5 2.c3 Nf6 3.e5 Nd5 4.d4 cxd4 5.Nf3 Nc6 6.Bc4 Nb6 7.Bb3 d5 8.exd6 Qxd6
9.O-O Be6 10.Bxe6 Qxe6 11.Nxd4 Nxd4 12.Qxd4 Qd7 13.Qxd7+ Nxd7 14.Na3 Rc8
15.Rd1  1/2-1/2

[Event "Open"]
[Site "Prague CZE"]
[Date "2010.01.09"]
[Round "2"]
[White "Szablowski,P"]
[Black "Agopov,M"]
[Result "1-0"]
[WhiteElo "2230"]
[BlackElo "2459"]

1.e4 c5 2.c3 Nf6 3.e5 Nd5 4.Nf3 Nc6 5.Bc4 Nb6 6.Bb3 c4 7.Bc2 g5 8.Nxg5 Nxe5
9.f4 Ng6 10.Qh5 Bg7 11.Nxf7 Kxf7 12.f5 Kg8 13.fxg6 hxg6 14.Qf3 Qc7 15.Bxg6 Qe5+
16.Kd1 Bf6 17.d4 cxd3 18.Bf4 Qe2+ 19.Qxe2 dxe2+ 20.Kxe2 e5 21.Bg3 d5 22.Rf1 Bg4+
23.Ke1 Kg7 24.Bd3 e4 25.Be2 Bxe2 26.Kxe2 Na4 27.Na3 Nxb2 28.Rab1 Na4 29.Rxb7+ Kg6
30.Nb1 Nxc3+ 31.Nxc3 Bxc3 32.Rf4 Rhc8 33.Rg4+ Kf5 34.Rf4+ Ke6 35.Rh7 Bb4
36.Rh6+ Ke5 37.Rf1+ Kd4 38.Rd1+ Kc4 39.Be5 Rg8 40.g3 Rac8 41.Rd4+ Kb5 42.Rxd5+ Rc5
43.Rxc5+ Bxc5 44.Re6 Kc4 45.Bf4 Kd5 46.Re5+ Kd4 47.Rg5  1-0

[Event "ch-NZL"]
[Site "Auckland NZL"]
[Date "2010.01.10"]
[Round "9"]
[White "Mc Laren,L"]
[Black "Garbett,P"]
[Result "1/2-1/2"]
[WhiteElo "2227"]
[BlackElo "2302"]

1.e4 c5 2.c3 Nf6 3.e5 Nd5 4.d4 cxd4 5.Nf3 d6 6.cxd4 e6 7.a3 Bd7 8.Bd3 Bc6
9.O-O Nd7 10.b4 a6 11.Nbd2 dxe5 12.dxe5 Nc3 13.Qb3 Nc5 14.Qxc3 Qxd3 15.Bb2 Qxc3
16.Bxc3 Ne4 17.Nxe4 Bxe4 18.Rac1 Be7 19.Rfe1 Bd5 20.Bd4 Kd7 21.Bc5 Rhc8 22.Bxe7 Kxe7
23.Nd4 g5 24.f3 h5 25.Kf2 f6 26.exf6+ Kxf6 27.Ne2 Rxc1 28.Rxc1 Rd8 29.Ke3 h4
30.Nc3 Bc6 31.Ne4+ Kf5 32.Rc5+ Rd5 33.g3 hxg3 34.hxg3 Rxc5 35.Nxc5 e5 36.a4 g4
37.fxg4+ Kxg4 38.b5 axb5 39.axb5 Bxb5 40.Nxb7 Bc4 41.Nd6 Kxg3 42.Nxc4 e4  1/2-1/2

[Event "XXXV Open"]
[Site "Seville ESP"]
[Date "2010.01.13"]
[Round "6"]
[White "Coimbra,M"]
[Black "Fernandez Romero,Ern"]
[Result "1/2-1/2"]
[WhiteElo "2109"]
[BlackElo "2458"]

1.e4 c5 2.c3 Nf6 3.e5 Nd5 4.d4 e6 5.Nf3 cxd4 6.cxd4 d6 7.Bc4 Be7 8.O-O O-O
9.Nc3 Nxc3 10.bxc3 Qc7 11.exd6 Bxd6 12.Qe2 Nd7 13.Bd2 b6 14.Bd3 Bb7 15.h3 h6
16.c4 e5 17.dxe5 Bxf3 18.Qxf3 Nxe5 19.Qe4 Nxd3 20.Qxd3 Rfd8 21.Qe2 Rac8 22.Rac1 Bh2+
23.Kh1 Rxd2 24.Qxd2 Bf4 25.Qb4 Bxc1 26.Rxc1 Qc5 27.Qxc5 Rxc5 28.Kg1 b5 29.Kf1 bxc4
30.Ke2 Ra5 31.Rxc4 Rxa2+ 32.Ke3 a5 33.Rc7 Rb2 34.Ra7 Rb5 35.h4 h5 36.g3 g6
37.Kf3 Kg7 38.Ra6 Kf8 39.Ra7 Ke8 40.Ke3 Re5+ 41.Kf4 Rf5+ 42.Ke4 Kd8 43.f3 Ke8
44.g4 Rb5 45.Kf4 Kf8 46.Kg3 Kg7 47.Ra6 Rc5 48.Kf2 Rc2+ 49.Ke3 Rc3+ 50.Kf4 Rc4+
51.Kg3 a4 52.gxh5 gxh5 53.Ra5 Kh6 54.Ra6+ Kg7 55.Ra5 Kg6 56.Rg5+ Kh6 57.Ra5 f6
58.Kh3 Kg6 59.Ra6 Kf5 60.Ra5+ Kf4 61.Rxh5 f5 62.Rh8 Rc3 63.Ra8 Rxf3+ 64.Kg2 Rg3+
65.Kh2 Ra3 66.h5 Ra2+ 67.Kh3 Kg5 68.Ra5 Ra3+ 69.Kg2 Kg4 70.h6 Ra2+ 71.Kf1 Ra1+
72.Kf2 Ra2+ 73.Kf1 a3 74.h7 Rh2 75.Rxa3 Rxh7 76.Kg2 f4 77.Kf2 Rc7 78.Rb3 Rc2+
79.Kf1 Kf5 80.Ra3 Ke4 81.Ra4+ Ke3 82.Ra3+ Ke4 83.Ra4+ Kf5 84.Ra3 Kg4 85.Rb3 Rd2
86.Ra3 Rb2 87.Rc3 f3 88.Rc8 Rb1+  1/2-1/2

[Event "2nd Kirov Memorial Open"]
[Site "Blagoevgrad BUL"]
[Date "2010.01.14"]
[Round "6"]
[White "Menkinoski,R"]
[Black "Krastev,KN"]
[Result "1-0"]
[WhiteElo "2355"]
[BlackElo "1825"]

1.e4 c5 2.c3 Nf6 3.e5 Nd5 4.d4 e6 5.Nf3 Nc6 6.c4 Ndb4 7.d5 exd5 8.cxd5 Nd4
9.Nxd4 cxd4 10.a3 Qa5 11.Bd2 d3 12.axb4 Qxa1 13.Bxd3 Qxb2 14.O-O Bxb4 15.Qg4 Bxd2
16.Qxg7 Rf8 17.Nxd2 Qxd2 18.d6 Qa5 19.Bb5 Qb6 20.Rb1 Qd8 21.Re1 Qb6 22.Qf6 Qd8
23.e6 Qxf6 24.exd7+ Kd8 25.Re8+ Rxe8 26.dxe8=R+  1-0

[Event "TCh-AUT 2009-10"]
[Site "Graz AUT"]
[Date "2010.01.14"]
[Round "4"]
[White "Atlas,D"]
[Black "Hagara,E"]
[Result "0-1"]
[WhiteElo "2330"]
[BlackElo "2383"]

1.e4 c5 2.c3 Nf6 3.e5 Nd5 4.Nf3 Nc6 5.d4 cxd4 6.cxd4 d6 7.Bc4 e6 8.O-O Be7
9.Qe2 O-O 10.Nc3 Nxc3 11.bxc3 dxe5 12.dxe5 Qa5 13.Bd2 Rd8 14.h4 Qa4 15.h5 h6
16.Rab1 Qc2 17.g4 Na5 18.Bb5 a6 19.Nd4 Rxd4 20.cxd4 axb5 21.Rfc1 Qa4 22.Bxa5 Qxa5
23.Rxb5 Qd8 24.Qc4 b6 25.Qc7 Qxd4 26.Qxe7 Qxg4+ 27.Kh2 Qf4+  0-1

[Event "IMB2"]
[Site "Marianske Lazne CZE"]
[Date "2010.01.18"]
[Round "3"]
[White "Bebel,A"]
[Black "Havlikova,K"]
[Result "1-0"]
[WhiteElo "2285"]
[BlackElo "2155"]

1.e4 c5 2.c3 Nf6 3.e5 Nd5 4.Nf3 Nc6 5.Bc4 Nb6 6.Bb3 c4 7.Bc2 Qc7 8.Qe2 g5
9.h3 Bg7 10.O-O Nxe5 11.Nxg5 d5 12.a4 Nbd7 13.d4 cxd3 14.Bxd3 Nxd3 15.Qxd3 e6
16.Re1 Nf6 17.Na3 Bd7 18.Nb5 Bxb5 19.axb5 h6 20.Nf3 Ne4 21.Be3 Nc5 22.Bxc5 Qxc5
23.Ra4 Bf6 24.Rf4 Ke7 25.Qf5  1-0

[Event "8th Parsvnath Open"]
[Site "New Delhi IND"]
[Date "2010.01.18"]
[Round "7"]
[White "Ankit,R"]
[Black "Ganesh,Ba"]
[Result "1-0"]
[WhiteElo "2298"]
[BlackElo "2149"]

1.e4 c5 2.c3 Nf6 3.e5 Nd5 4.Nf3 Nc6 5.Bc4 e6 6.d4 cxd4 7.cxd4 d6 8.O-O Be7
9.exd6 Qxd6 10.Nc3 Nxc3 11.bxc3 O-O 12.Qe2 Bf6 13.Re1 g6 14.Ng5 Bg7 15.a4 Qc7
16.Ba3 Rd8 17.d5 exd5 18.Qe8+ Rxe8 19.Rxe8+ Bf8 20.Bxf8 Be6 21.Rxa8 Nb8 22.Bb4 b6
23.Ba6 Kg7 24.Rxb8 Qxb8 25.Re1 Qe8 26.Bb5 Qc8 27.Nxe6+ fxe6 28.Bd6 a6 29.Be5+ Kf7
30.Bf1 Qc6 31.Ra1 Qc8 32.g3 g5 33.Bd4 Qc7 34.Re1 a5 35.Bh3 Qc6 36.Bxe6+ Kg6
37.f4  1-0

[Event "8th Parsvnath Open"]
[Site "New Delhi IND"]
[Date "2010.01.18"]
[Round "7"]
[White "Fenil,S"]
[Black "Himanshu,Sh"]
[Result "1/2-1/2"]
[WhiteElo "2201"]
[BlackElo "2457"]

1.e4 c5 2.c3 Nf6 3.e5 Nd5 4.d4 cxd4 5.Nf3 e6 6.cxd4 d6 7.a3 Bd7 8.Bd3 Bc6
9.O-O Nd7 10.b4 a6 11.Nbd2 Nc3 12.Qb3 Rc8 13.Qxc3 Bxf3 14.Qb2 Bc6 15.Nc4 dxe5
16.dxe5 Bb5 17.Nd6+ Bxd6 18.Bxb5 Bb8 19.Bxd7+ Qxd7 20.Be3 O-O 21.Rfd1 Qb5
22.f4 Rfd8 23.Rac1 Rxc1 24.Qxc1 Rxd1+ 25.Qxd1 Bc7 26.Qc2 Qd7 27.a4 h5 28.a5 Bd8
29.Qd2 Qxd2 30.Bxd2 Kh7 31.Kf2 Kg6 32.Kf3 Kf5 33.g3 g5 34.h3 g4+ 35.hxg4+ hxg4+
36.Ke3 f6 37.Bc3 fxe5 38.Bxe5 Be7 39.Bc3 Bd6 40.Kd3 Bf8 41.Ke3 Be7 42.Kd3 Bd6
43.Kd4 Bb8 44.Kd3 Bc7  1/2-1/2

[Event "8th Parsvnath Open"]
[Site "New Delhi IND"]
[Date "2010.01.20"]
[Round "9"]
[White "Ankit,R"]
[Black "Himanshu,Sh"]
[Result "0-1"]
[WhiteElo "2298"]
[BlackElo "2457"]

1.e4 c5 2.c3 Nf6 3.e5 Nd5 4.Nf3 d6 5.d4 cxd4 6.cxd4 e6 7.a3 Bd7 8.Bd3 Bc6
9.O-O Nd7 10.b4 a6 11.Nbd2 Nc3 12.Qb3 Rc8 13.Qxc3 Bxf3 14.Qb2 Bc6 15.Be4 Bxe4
16.Nxe4 d5 17.Nc5 Bxc5 18.bxc5 b6 19.cxb6 Qxb6 20.Qxb6 Nxb6 21.Bd2 Kd7 22.Rfb1 Nc4
23.Bb4 Rb8 24.h3 Rb7 25.Rd1 Rhb8 26.Rd3 a5 27.Bc5 Kc6 28.Rc3 Rb2 29.Rac1 R8b3
30.R1c2 a4 31.Rxb2 Rxc3 32.Rb8 Nxe5 33.Rb6+ Kc7 34.Ra6 Nc6 35.Rxa4 Rc1+ 36.Kh2 Kb7
37.Kg3 Rc3+ 38.f3 Rc2 39.f4 Re2 40.Kf3 Re4 41.g3 g6 42.Kf2 f6 43.Kf3 e5 44.fxe5 fxe5
45.Kf2 exd4  0-1

[Event "IMB2"]
[Site "Marianske Lazne CZE"]
[Date "2010.01.23"]
[Round "9"]
[White "Bebel,A"]
[Black "Antipov,M2"]
[Result "0-1"]
[WhiteElo "2285"]
[BlackElo "2194"]

1.e4 c5 2.c3 Nf6 3.e5 Nd5 4.Nf3 Nc6 5.Bc4 Nb6 6.Bb3 c4 7.Bc2 Qc7 8.Qe2 g5
9.h3 Bg7 10.O-O Nxe5 11.Nxg5 h6 12.Nf3 Nxf3+ 13.Qxf3 Qc6 14.Qg3 Bf6 15.a4 h5
16.a5 h4 17.Qe3 Rg8 18.Qe4 Nd5 19.d3 cxd3 20.Ba4 Qe6 21.Qxd3 b5 22.Bb3 Bb7
23.Rd1 Rxg2+ 24.Kf1 Rh2 25.Bxd5 Bxd5 26.Qxd5 Qxd5 27.Rxd5 Rh1+ 28.Ke2 Rxc1
29.Rxb5 e6 30.a6 Ke7 31.Rb7 Rh1 32.c4 Bd4 33.Rb3 Rc8 34.Rd3 Bxb2 35.Ra4 Rxb1
36.Rb4 Rc6 37.Rb7 Rd6 38.c5 Rxd3 39.Kxd3 Ra1 40.Rxa7 Kd8 41.Kc4 Be5 42.Ra8+ Kc7
43.Kb5 Rb1+ 44.Kc4 Rc1+ 45.Kb5 Bd4 46.Ra7+ Kb8 47.Rxd7 Rxc5+ 48.Kb4 Bxf2
49.Rxf7 Rf5 50.Rh7 Bg3 51.Rh6 Re5 52.Rh7 Rd5 53.Rh6 e5 54.Kc4 Ra5 55.Kb4 Be1+
56.Kc4 Ka7  0-1

[Event "2nd Chennai Open"]
[Site "Chennai IND"]
[Date "2010.01.26"]
[Round "3"]
[White "Joshi,GB"]
[Black "Manik,M"]
[Result "0-1"]
[WhiteElo "2272"]
[BlackElo "2435"]

1.e4 c5 2.c3 Nf6 3.e5 Nd5 4.Nf3 e6 5.g3 d6 6.exd6 Bxd6 7.Bg2 O-O 8.O-O Nc6
9.d4 cxd4 10.Nxd4 Nxd4 11.Qxd4 Qc7 12.Nd2 Bd7 13.Ne4 Be5 14.Qd3 a6 15.Re1 Bb5
16.Qf3 Rad8 17.a4 Bc6 18.Qe2 h6 19.f4 Bd6 20.c4 Nb4 21.Be3 Be7 22.a5 Bxe4
23.Bxe4 Bc5 24.Bxc5 Qxc5+ 25.Kg2 Rd4 26.b3 Nc6 27.Qf2 Rfd8 28.Red1 Qb4 29.Rxd4 Rxd4
30.Qe3 Rd2+ 31.Kh3 Rb2 32.Bxc6 bxc6 33.Rd1 Qxa5 34.g4 Qa2 35.Rd8+ Kh7 36.Qg3  0-1

[Event "ch-UKR g18"]
[Site "Kyiv UKR"]
[Date "2010.01.27"]
[Round "2"]
[White "Bezkorovaina,M"]
[Black "Petrova,I"]
[Result "1/2-1/2"]
[WhiteElo "1871"]
[BlackElo "1987"]

1.e4 c5 2.c3 Nf6 3.e5 Nd5 4.d4 cxd4 5.Nf3 e6 6.cxd4 d6 7.Bd3 Nc6 8.a3 Be7
9.O-O O-O 10.Qc2 h6 11.Rd1 Bd7 12.exd6 Bxd6 13.Nc3 Rc8 14.Qe2 Bb8 15.Ne4 Qc7
16.g3 e5 17.Bc4 Nb6 18.dxe5 Nxe5 19.Nxe5 Qxe5 20.Bf4 Qe7 21.Bd6 Bxd6 22.Nxd6 Qxe2
23.Bxe2 Rc2 24.Bf3 Rxb2 25.Bxb7 Be6 26.Be4 f5 27.Bg2 f4 28.Ne4 Bd5 29.Rd2 Rxd2
30.Nxd2 Rd8 31.Ne4 Bxe4 32.Bxe4 Rd4 33.Bf5 Kf7 34.Bh3 Kf6 35.Rc1 Rc4 36.Rd1 Rc3
37.Ra1 Nc4 38.a4 Ne5 39.gxf4 Nd3 40.Bg2 Nxf4 41.a5 Ne2+ 42.Kf1 Rc1+ 43.Rxc1 Nxc1
44.Bc6 Nb3 45.a6 Ke5 46.Kg2 Nc5 47.Bb5 Ne6 48.Kg3 Nc7 49.Be2 Ke4 50.Bc4 Kd4
51.Be2 Ne6 52.h4 Ke5 53.Bc4 Nd4 54.Bd3 Nc6 55.Bb5 Nb4 56.Be2 Kf5 57.Bg4+ Ke5
58.Be2 Nc2 59.Bd3 Nb4 60.Be2 Nc2 61.Bd3 Nb4 62.Be2 Nc2 63.Bd3 Nb4  1/2-1/2

[Event "ch-UKR g18"]
[Site "Kyiv UKR"]
[Date "2010.01.27"]
[Round "3"]
[White "Korniyuk,M"]
[Black "Tantsiura,M"]
[Result "1-0"]
[WhiteElo "2067"]
[BlackElo "1998"]

1.e4 c5 2.c3 Nf6 3.e5 Nd5 4.d4 cxd4 5.Nf3 e6 6.cxd4 d6 7.Bc4 b6 8.Bxd5 exd5
9.Nc3 Bb7 10.O-O Be7 11.Re1 dxe5 12.dxe5 O-O 13.Nd4 Qd7 14.Qh5 Bc5 15.Nf5 Qe6
16.Nb5 Na6 17.Be3 g6 18.Nh6+ Kh8 19.Qh4 f6 20.Ng4 f5 21.Nf6 Rf7 22.Nd6 Re7
23.Bd2 d4 24.Nxb7 Rxb7 25.a3 b5 26.b4 Bb6 27.Rac1 Rf7 28.Bf4 Rd8 29.Red1 Bc7
30.Rxc7 Nxc7 31.Nxh7 Rxh7 32.Qxd8+ Qg8 33.Rxd4 Ne6 34.Qf6+ Qg7 35.Qxe6  1-0

[Event "2nd Chennai Open"]
[Site "Chennai IND"]
[Date "2010.01.28"]
[Round "5"]
[White "Lim Yee Weng"]
[Black "Preethi,R"]
[Result "1-0"]
[WhiteElo "2289"]
[BlackElo "2092"]

1.e4 c5 2.c3 Nf6 3.e5 Nd5 4.Nf3 e6 5.d4 cxd4 6.cxd4 Nc6 7.Nc3 Nxc3 8.bxc3 d6
9.exd6 Bxd6 10.Bd3 Qa5 11.O-O h6 12.Qe2 Qh5 13.Re1 O-O 14.Bc2 Rd8 15.Qd3 g6
16.Re4 Bf8 17.Rh4 Qf5 18.Qe2 Qa5 19.Qe1 h5 20.Bg5 Be7 21.Qe3 Bxg5 22.Nxg5 Ne7
23.Ne4 Kg7 24.g4 Rh8 25.Qf3 Ng8 26.g5 Bd7 27.Rf4 Rf8 28.Nc5 Bc6 29.Rxf7+ Rxf7
30.Nxe6+  1-0

[Event "ch-BUL S/F Men"]
[Site "Plovdiv BUL"]
[Date "2010.01.28"]
[Round "7"]
[White "Nikolov,J"]
[Black "Kolev,At2"]
[Result "1-0"]
[WhiteElo "2090"]
[BlackElo "2017"]

1.e4 c5 2.c3 Nf6 3.e5 Nd5 4.Nf3 e6 5.d4 cxd4 6.cxd4 Nc6 7.Bc4 Nb6 8.Bb3 d5
9.O-O Bd7 10.Nc3 Be7 11.a3 O-O 12.Bc2 f5 13.exf6 Bxf6 14.Qd3 g6 15.Bh6 Rf7
16.Rfe1 Rc8 17.g3 Nc4 18.b3 Nd6 19.Qd2 Qa5 20.Re3 Nf5 21.Bxf5 gxf5 22.Ra2 b5
23.b4 Qb6 24.Ne2 a5 25.Bg5 Bg7 26.Bf4 Bf8 27.Rb2 axb4 28.axb4 Ra8 29.Ne5 Nxe5
30.Bxe5 Bh6 31.Bf4 Bg7 32.Rc3 Be8 33.Qe3 Rfa7 34.Be5 Bh5 35.Nf4 Bh6 36.Rbc2 Re8
37.Rc6 Qd8 38.Kg2 Qa8 39.R2c3 Bf7 40.Bf6 Ra6 41.Rc7 e5 42.Bxe5 Rae6 43.Qf3 Bxf4
44.Qxf4 Rxe5 45.dxe5 d4+ 46.Rf3 Qe4  1-0

[Event "ch-BUL S/F Women"]
[Site "Plovdiv BUL"]
[Date "2010.01.30"]
[Round "7"]
[White "Stefanova,M"]
[Black "Ivanova,Si"]
[Result "0-1"]
[WhiteElo "1996"]
[BlackElo "1803"]

1.e4 c5 2.c3 Nf6 3.e5 Nd5 4.Bc4 Nb6 5.Bb3 c4 6.Bc2 d6 7.exd6 Qxd6 8.b3 g6
9.Qe2 Be6 10.Nf3 Bg7 11.Na3 Qc5 12.Qe3 Qxe3+ 13.fxe3 O-O 14.Nb5 Na6 15.Ba3 Bd7
16.Nbd4 Rfe8 17.Be4 Rab8 18.O-O f5 19.Bc2 e5 20.Ne2 Rbd8 21.Rad1 Nc7 22.Bc5 Be6
23.Bxb6 axb6 24.bxc4 Bxc4 25.Bb3 b5 26.d3 Bxb3 27.axb3 Nd5 28.e4 Ne3 29.exf5 gxf5
30.d4 Nxd1 31.Rxd1 b4 32.cxb4 exd4 33.Ng3 Re3 34.Nxf5 Rxb3 35.Ng5 Re8 36.Nxg7 Kxg7
37.Rxd4 Re2 38.h4 Rbb2 39.Rd7+ Kg6 40.Rxb7 Rxg2+ 41.Kf1 Rgf2+ 42.Kg1 Rfc2
43.Rb6+ Kf5 44.Rb5+ Kg4  0-1

[Event "8th Gibtelecom Masters"]
[Site "Caleta ENG"]
[Date "2010.01.31"]
[Round "6"]
[White "Compton,A"]
[Black "Arvola,B"]
[Result "0-1"]
[WhiteElo "2066"]
[BlackElo "2218"]

1.e4 c5 2.c3 Nf6 3.e5 Nd5 4.d4 cxd4 5.Nf3 e6 6.cxd4 d6 7.Bc4 Nb6 8.Bb3 Nc6
9.O-O Be7 10.Nc3 d5 11.Re1 Bd7 12.a3 Rc8 13.Qd3 Na5 14.Bc2 h6 15.b3 a6 16.Bd2 Na8
17.Rec1 b5 18.Ne2 Nc6 19.Nf4 Nc7 20.Nh5 Kf8 21.g3 a5 22.h4 Ne8 23.Nf4 Qb6
24.Kg2 Nd8 25.h5 Nc6 26.Be3 Nc7 27.Rh1 Ke8 28.g4 Kd8 29.Ne2 Na6 30.Rhc1 Kc7
31.Nc3 Na7 32.Bd1 Kb7 33.Be2 Rc7 34.g5 hxg5 35.Nxg5 f6 36.Nh3 fxe5 37.dxe5 Bc5
38.Bf3 Bxe3 39.fxe3 Nc5 40.Qd1 Rhc8 41.Ne2 Nc6 42.b4 Na4 43.Nd4 Nxe5 44.bxa5 Qxa5
45.Rxc7+ Rxc7 46.Nf4 Nc4 47.Qd3 Nc5 48.Qe2 Qc3 49.Re1 Kb6 50.Bxd5 Nxa3 51.Bxe6 Bxe6
52.Ndxe6 Rd7 53.Rd1 Nxe6 54.Nd5+ Rxd5 55.Rxd5 Nc4 56.Rd3 Qe5 57.Qf3 Nc5  0-1

[Event "8th Gibtelecom Masters"]
[Site "Caleta ENG"]
[Date "2010.01.31"]
[Round "6"]
[White "Tscharotschkin,M"]
[Black "Skage,O"]
[Result "1-0"]
[WhiteElo "2211"]
[BlackElo "1935"]

1.e4 c5 2.c3 Nf6 3.e5 Nd5 4.d4 cxd4 5.Nf3 e6 6.cxd4 b6 7.Nc3 Nxc3 8.bxc3 Qc7
9.Bd2 Bb7 10.Bd3 d6 11.O-O Nd7 12.Ng5 dxe5 13.Qh5 Nf6 14.Bb5+ Kd8 15.Qxf7 Bd5
16.dxe5 Qxe5 17.Rfe1 Qf5 18.Rxe6 Bc5 19.Be3 Rf8 20.Bxc5 Rxf7 21.Nxf7+ Kc7
22.Re7+ Nd7 23.Bd6+  1-0

[Event "15th HIT Open B"]
[Site "Nova Gorica SLO"]
[Date "2010.01.31"]
[Round "2"]
[White "Brank,Z"]
[Black "Kolaric,S"]
[Result "0-1"]
[WhiteElo "1636"]
[BlackElo "1981"]

1.e4 c5 2.c3 Nf6 3.e5 Nd5 4.d4 cxd4 5.Nf3 Nc6 6.Bc4 Nb6 7.Bb3 d6 8.exd6 Qxd6
9.O-O Bf5 10.Na3 a6 11.cxd4 e6 12.Be3 Be7 13.Ne5 O-O 14.Nac4 Nxc4 15.Nxc4 Qd8
16.Ne5 Rc8 17.Rc1 Na5 18.Bc2 Bxc2 19.Rxc2 Qd5 20.b3 Bf6 21.Ng4 Be7 22.Rxc8 Rxc8
23.Qd2 Nc6 24.Rc1 Rd8 25.Rd1 h5 26.Ne5 Nxe5 27.dxe5 Qxe5 28.Qc2 Rxd1+ 29.Qxd1 Bd6
30.g3 Qd5 31.Qc2 g6 32.Qc8+ Kg7 33.h4 Be5 34.Qc1 Bf6 35.Bh6+ Kh7 36.Qf4 Qd4
37.Qc1 Qa1 38.Qxa1 Bxa1 39.Bf8 Bd4 40.Kf1 Kg8 41.Bh6 f5 42.f4 Kf7 43.Bg5 Bf6
44.Ke2 Bxg5 45.hxg5 e5 46.fxe5 Ke6 47.Kf3 Kxe5 48.Ke3 a5 49.a3 b5 50.a4 b4
51.Kf3 f4 52.gxf4+ Kf5 53.Kg3 h4+  0-1

[Event "ch-ROU m"]
[Site "Baile Olanesti ROU"]
[Date "2010.02.01"]
[Round "2"]
[White "Tufa,M"]
[Black "Burnoiu,N1"]
[Result "0-1"]
[WhiteElo "2076"]
[BlackElo "2408"]

1.e4 c5 2.c3 Nf6 3.e5 Nd5 4.d4 cxd4 5.cxd4 d6 6.Nf3 e6 7.Nc3 Nc6 8.exd6 Bxd6
9.Bc4 Nxc3 10.bxc3 O-O 11.O-O b6 12.Qe2 Bb7 13.Ng5 g6 14.Bd3 Re8 15.Qg4 Bf8
16.Qh3 h6 17.Ne4 f5 18.Ng3 Kh7 19.Re1 Bg7 20.Be3 Rc8 21.Rac1 Qd7 22.f4 Ne7
23.Ne2 Nd5 24.Bd2 Qa4 25.g4 Qxa2 26.Red1 Nf6 27.gxf5 exf5 28.c4 Be4 29.Ra1 Qb3
30.Be1 Bxd3 31.Qxd3 Qxd3 32.Rxd3 Rxe2  0-1

[Event "8th Gibtelecom Masters"]
[Site "Caleta ENG"]
[Date "2010.02.01"]
[Round "7"]
[White "Kantans,T"]
[Black "Shankland,S"]
[Result "0-1"]
[WhiteElo "2304"]
[BlackElo "2491"]

1.e4 c5 2.c3 Nf6 3.e5 Nd5 4.Bc4 Nb6 5.Bb3 c4 6.Bc2 Nc6 7.Nf3 Qc7 8.Qe2 g5
9.O-O g4 10.Nd4 Qxe5 11.Qxg4 h5 12.Nxc6 Qxh2+ 13.Kxh2 hxg4+ 14.Kg1 bxc6 15.d3 d5
16.dxc4 Nxc4 17.Re1 Bh6 18.Bxh6 Rxh6 19.b3 Nd6 20.Nd2 Bf5 21.Bxf5 Nxf5 22.Nf1 Kd7
23.Rad1 Rah8 24.g3 e6 25.Kg2 Nd6 26.Rd4 f5 27.Ra4 Ra8 28.c4 Ne4 29.cxd5 cxd5
30.f3 gxf3+ 31.Kxf3 Rh1 32.Kg2 Rhh8 33.Kf3 Rhc8 34.Ne3 Rc3 35.Rh1 Kd6 36.Rh6 a5
37.Kf4 Nxg3 38.Kf3 Nf1  0-1

[Event "8th Gibtelecom Masters"]
[Site "Caleta ENG"]
[Date "2010.02.01"]
[Round "7"]
[White "Getz,N"]
[Black "Siebrecht,S"]
[Result "0-1"]
[WhiteElo "2280"]
[BlackElo "2468"]

1.e4 c5 2.c3 Nf6 3.e5 Nd5 4.Bc4 e6 5.d4 cxd4 6.cxd4 Nc6 7.Nf3 d6 8.O-O Be7
9.Qe2 O-O 10.Bd2 Bd7 11.Nc3 Nxc3 12.Bxc3 d5 13.Bb3 Qb6 14.Rfc1 f5 15.exf6 Rxf6
16.Ba4 Raf8 17.Rc2 Bd6 18.Re1 Rxf3 19.gxf3 Qd8 20.Bxc6 bxc6 21.Qd3 Qh4 22.f4 Rxf4
23.f3 e5 24.Rce2 e4 25.fxe4 Rg4+ 26.Kh1 Rg3 27.Qc2 Bg4 28.Rf2 Bf3+ 29.Rxf3 Rxf3
30.e5 Rf2  0-1

[Event "ch-UKR g18"]
[Site "Kyiv UKR"]
[Date "2010.02.01"]
[Round "9"]
[White "Tkachova,A"]
[Black "Shvayger,Y"]
[Result "1-0"]
[WhiteElo "1855"]
[BlackElo "2164"]

1.e4 c5 2.c3 Nf6 3.e5 Nd5 4.d4 cxd4 5.Qxd4 e6 6.Nf3 Nc6 7.Qe4 d6 8.c4 Nb6
9.Nc3 Nd7 10.Bf4 dxe5 11.Nxe5 Ndxe5 12.Bxe5 Qb6 13.O-O-O f5 14.Qe2 Kf7 15.Nb5 Be7
16.Bd6 Bf6 17.Bc7 Qa6 18.Kb1 g6 19.g4 Ne7 20.Rd6 Qa4 21.Qd2 Nc6 22.b3 Qb4
23.Qe3 Na5 24.Kc2 a6 25.Nc3 Nc6 26.gxf5 gxf5 27.Be2 Qxc3+ 28.Qxc3 Bxc3 29.Kxc3 Rg8
30.Bh5+ Kf6 31.f4 Ke7 32.Rd2 Nb8 33.Bd6+ Kf6 34.Be5+ Ke7 35.Rhd1 Nd7 36.Bf3 Nxe5
37.fxe5 Rb8 38.Rd6 Rg5 39.Rb6 f4 40.Re1 Kd7 41.a4 Kc7 42.a5 h5 43.Re4 Rf5
44.b4 Bd7 45.b5 Ra8 46.Re1 Bc8 47.Kb4 Rg5 48.Rd6 Rxe5 49.Rxe5 Kxd6 50.Rxh5 axb5
51.cxb5 Bd7 52.Bxb7 Rf8 53.Bf3 Be8 54.Rh7 Rf5 55.Rb7 Re5 56.a6 Re1 57.a7 Ra1
58.Rb6+ Kc7 59.Ra6 Rb1+ 60.Kc3  1-0